[Event "BCF-chT2a 1819 (4NCL)"]
[Site "England"]
[Date "2019.01.13"]
[Round "4.21"]
[White "Polaczek, Richard"]
[Black "Richardson, John R"]
[Result "1-0"]
[WhiteElo "2374"]
[BlackElo "2320"]
[PlyCount "91"]
[EventDate "2018.11.10"]
[EventType "team-tourn"]
[EventRounds "11"]
[EventCountry "ENG"]
[SourceTitle "EXT 2021"]
[Source "ChessBase"]
[SourceDate "2020.10.23"]
[SourceVersion "1"]
[SourceVersionDate "2020.10.23"]
[SourceQuality "1"]
[WhiteTeam "Manchester Manticores"]
[BlackTeam "The ADS"]
[WhiteTeamCountry "ENG"]
[BlackTeamCountry "ENG"]

1. d4 Nf6 2. Nf3 e6 3. Bg5 h6 4. Bh4 c5 5. e3 b6 6. Bd3 Ba6 7. 0-0 Be7 8. Bxa6 Nxa6 9. c3 0-0 10. Qd3 Nb8 11. Bxf6 Bxf6 12. d5 e5 13. Nbd2 g6 14. a4 d6 15. a5 Nd7 16. Nc4 Qe7 17. Ncd2 Bg7 18. axb6 axb6 19. e4 Rad8 20. Ra7 f5 21. Re1 g5 22. h3 f4 23. Qb5 h5 24. Nh2 Rf7 25. Qe2 f3 26. Ndxf3 Qf6 27. Nd2 Rdf8 28. Ndf1 Qg6 29. f3 Nf6 30. Rxf7 Rxf7 31. Ne3 Ra7 32. Nf5 Bf8 33. Rf1 Ra5 34. b4 Ra8 35. bxc5 bxc5 36. Qb2 g4 37. hxg4 hxg4 38. Nxg4 Nxg4 39. fxg4 Qxg4 40. Qb7 Ra2 41. Ne3 Qg7 42. Qc8 Qh6 43. Qg4+ Kh8 44. Nf5 Qd2 45. Qh5+ Kg8 46. Ne7+ 1-0

[Event "London Classic op 10th"]
[Site "London"]
[Date "2018.12.14"]
[Round "6"]
[White "Yoon, Jacob D"]
[Black "Richardson, John R"]
[Result "0-1"]
[WhiteElo "2009"]
[BlackElo "2242"]
[PlyCount "154"]
[EventDate "2018.12.09"]
[EventType "swiss"]
[EventRounds "9"]
[EventCountry "ENG"]
[SourceTitle "CBM 187 Extra"]
[Source "ChessBase"]
[SourceDate "2018.11.04"]
[SourceVersion "1"]
[SourceVersionDate "2018.11.04"]
[SourceQuality "1"]

1. e4 c6 2. Nc3 d5 3. d4 dxe4 4. Nxe4 Bf5 5. Ng3 Bg6 6. Nf3 Nd7 7. h4 h6 8. h5 Bh7 9. Bd3 Bxd3 10. Qxd3 e6 11. Bd2 Ngf6 12. 0-0-0 Be7 13. Ne4 Nxe4 14. Qxe4 Nf6 15. Qe2 Qd5 16. c4 Qe4 17. Qxe4 Nxe4 18. Be3 f5 19. g3 Bg5 20. Bxg5 hxg5 21. Rh2 0-0-0 22. Ne5 Rhf8 23. Rg2 g4 24. f3 gxf3 25. Nxf3 Rh8 26. g4 fxg4 27. Rxg4 Nf2 28. Rxg7 Nxd1 29. Kxd1 Rxh5 30. Ke2 Rf8 31. Rg2 c5 32. dxc5 Rxc5 33. b3 b5 34. Nd2 b4 35. Ne4 Re5 36. Ke3 Rd8 37. Kf4 Rf5+ 38. Ke3 Ra5 39. c5 Kc7 40. Ng5 Kc6 41. Ne4 Ra6 42. Kf4 Rd5 43. Rh2 Rf5+ 44. Ke3 Kd5 45. Rd2+ Ke5 46. Rc2 Rh5 47. Nf2 Kd5 48. Kf4 Rc6 49. Nd3 Kd4 50. Nxb4 Rcxc5 51. Nc6+ Kd5 52. Nb4+ Kd6 53. Rd2+ Ke7 54. Nc2 Rcf5+ 55. Ke3 Rh3+ 56. Ke4 Rg5 57. Ne3 Rgg3 58. Re2 Rh4+ 59. Kd3 Kd6 60. Kc2 Rgh3 61. Nc4+ Ke7 62. Nd2 Rh2 63. Re1 Rd4 64. Rd1 e5 65. Kc3 Ke6 66. Kc2 Kd5 67. a3 e4 68. Kc3 a5 69. b4 Rd3+ 70. Kc2 a4 71. Kc1 e3 72. Nf3 Rxd1+ 73. Kxd1 Rf2 74. Ne1 Kc4 75. Nc2 Kd3 76. Ne1+ Kc3 77. Kc1 Ra2 0-1

[Event "London Classic op 10th"]
[Site "London"]
[Date "2018.12.10"]
[Round "2"]
[White "Yuffa, Daniil"]
[Black "Richardson, John R"]
[Result "1-0"]
[WhiteElo "2572"]
[BlackElo "2242"]
[PlyCount "77"]
[EventDate "2018.12.09"]
[EventType "swiss"]
[EventRounds "9"]
[EventCountry "ENG"]
[SourceTitle "CBM 187 Extra"]
[Source "ChessBase"]
[SourceDate "2018.11.04"]
[SourceVersion "1"]
[SourceVersionDate "2018.11.04"]
[SourceQuality "1"]

1. d4 Nf6 2. c4 e6 3. g3 Bb4+ 4. Bd2 Be7 5. Bg2 d5 6. Nf3 0-0 7. 0-0 c6 8. Qb3 Nbd7 9. Rd1 b6 10. Bc3 a5 11. Nbd2 Bb7 12. a4 c5 13. Ne5 dxc4 14. Ndxc4 Bxg2 15. Kxg2 Qc7 16. Qb5 Rfd8 17. Nc6 Re8 18. Nxe7+ Rxe7 19. dxc5 bxc5 20. Bxa5 Qc8 21. Nd6 Qf8 22. Bc3 Nd5 23. Nf5 exf5 24. Rxd5 Rb8 25. Qd3 Qc8 26. Qxf5 Qc6 27. e4 Rbe8 28. f3 g6 29. Qf4 Qa6 30. a5 f6 31. Qd2 Qc8 32. a6 f5 33. a7 Nb6 34. Rxf5 gxf5 35. Qg5+ Kf8 36. Qf6+ Rf7 37. Qxb6 fxe4 38. a8Q exf3+ 39. Kf2 1-0